000 00299nam a22001337a 4500
008 171017b xxu||||| |||| 00| 0 eng d
020 _a9781423900849
041 _aeng
080 _a338
100 _a52
101 _aMEN
245 _aCUSTOMER RETIONSHIP MANGMENT
_cWAGNER.W
942 _2udc
_cBK
999 _c34347
_d34347